|
|
|
|
| LEADER |
01108nab#a2200313#ar4500 |
| 001 |
000079906 |
| 003 |
SVKKK |
| 005 |
20070601073438.0 |
| 008 |
060725c xo e huno |
| FMT |
|
|
|
| 038 |
|
|
|a SVKKK
|
| 040 |
|
|
|a SVKKK
|b slo
|e AACR2
|
| 041 |
0 |
|
|a hun
|
| 044 |
|
|
|a xo
|c SK
|
| 080 |
|
|
|a 262.1
|2 1997
|
| 080 |
|
|
|a 296:262.1
|2 1997
|
| 080 |
|
|
|a Spitzer, Leo
|2 1997
|
| 242 |
1 |
0 |
|a Zloženie rabínskej skúšky pred mešťanostom
|
| 245 |
0 |
0 |
|a Egy rabbi vizsgaletétele a polgármester előtt
|
| 520 |
2 |
|
|a V Levoči zasadalo župné zhromaždenie, ktoré rozhodlo, že zvolený rabín zo Spišského Podhradia Leo Spitzer musí pred mešťanostom zložiť skúšku z maďarského jazyka. Voľba menovaného pre neznalosť maďarského jazyka bola napadnutá
|
| 600 |
1 |
4 |
|a Spitzer, Leo,
|d 18??-19??,
|x rabín
|x skúška z maďarčiny
|z Spišské Podhradie (Slovensko)
|x pôsobenie
|y máj 1908
|
| 773 |
0 |
|
|t Felsőmagyarország : Kassai Napló
|g Roč. 24, č. 116 (16.05.1908) s. 4
|
| 957 |
|
|
|a 810
|
| 958 |
|
|
|a DG
|
| 958 |
|
|
|a HU
|
| 974 |
|
|
|a Ba
|
| 992 |
|
|
|a RBX
|
| BAS |
|
|
|
| 998 |
|
|
|a RETRO
|